MARC

LEADER 00000nam0a2200000 4500
001 331935
005 20231102004415.0
035 |a (RuTPU)RU\TPU\book\357819 
090 |a 331935 
100 |a 20170511d1978 km y0rusy50 ca 
101 0 |a rus 
102 |a RU 
105 |a a z 001zy 
200 1 |a Теория автоматического управления ракетными двигателями  |f под ред. А. А. Шевякова 
210 |a Москва  |c Машиностроение  |d 1978 
215 |a 288 с.  |c ил. 
320 |a Библиогр.: с. 279-281 
320 |a Предметный указатель: с. 282-286 
606 1 |a Ракетные двигатели, жидкостные  |x Автоматическое управление  |2 stltpush  |3 (RuTPU)RU\TPU\subj\23703  |9 48245 
610 1 |a теория автоматического управления 
610 1 |a жидкостные ракетные двигатели 
610 1 |a математическое моделирование 
610 1 |a регуляторы 
610 1 |a тяга 
610 1 |a запуск 
610 1 |a остановка 
610 1 |a теория 
610 1 |a расчет 
610 1 |a анализ 
610 1 |a управление 
675 |a 621.454.2  |v 4 
702 1 |a Шевяков  |b А. А.  |4 340 
801 1 |a RU  |b 63413507  |c 20170511 
801 2 |a RU  |b 63413507  |c 20170512  |g RCR 
942 |c BK